Derecho, justicia, razones: ensayos 2000-2007

Na minha lista:
Detalhes bibliográficos
Autor principal: Celano, Bruno (Author)
Formato: Livro
Idioma:espanhol
Publicado em: Madrid Centro de Estudios Políticos y Constitucionales 2009
Assuntos:
Tags: Adicionar Tag
Sem tags, seja o primeiro a adicionar uma tag!

MARC

LEADER 00000cam a2200000 a 4500
001 UCF8533
003 CL-VaPUC
008 130906e20090000sp |||||||||||||||||spa|d
020 |a 9788425914614 
082 0 4 |a 340.1  |b CEL  |2 21 
100 0 |a Celano, Bruno  |e author  |9 570632 
245 1 0 |a Derecho, justicia, razones: ensayos 2000-2007 
300 |a 509 p 
942 |c BK 
945 |d 20130906 13:01:00  |a dcastane 
260 |a Madrid  |b Centro de Estudios Políticos y Constitucionales  |c 2009 
650 0 |a Filosofía del derecho   |9 255050 
650 0 |a Ensayos  |9 268724 
583 |a last modification  |c 20130906 13:01:00  |k Rodrigo Vera 
999 |c 353103  |d 353101 
952 |0 0  |1 0  |3 erb  |4 0  |6 340_100000000000000_CEL_2009  |7 0  |8 A  |9 458027  |a BIBDER  |b BIBDER  |d 2019-11-23  |i 5005221  |o 340.1 CEL 2009  |p 5005221  |r 2023-01-25  |w 2019-11-23  |y BK  |z Catalogado en:20130906  |k DER